000 00668nam a2200193 i 4500
001 158576
003 ES-MaACL
005 20250826034824.0
008 040901s1886 xxk |||| | eng d
040 _aCAM
_bspa
_cCAM
100 1 _aMallet, Louis.
_9129389
245 1 4 _aThe national income and taxation /
_cby Sir Louis Mallet.
260 _aLondon [etc.] :
_bCassell & company,
_c[s.a.]
300 _a48 p. ;
_c19 cm.
596 _aEl BLPC fecha la obra en 1886.
650 7 _aImpuestos
_2embne
_913633
852 _aES-MaACL
_jT-1303-F-5
_z-- Enc. hol. conservando la cub. original
_z-- Donativo Bosch
_z-- Enc. en un vol. facticio
999 _c158576
_d158576